logo

Bir Sreshtho Munshi Abdur Rouf Library
Jhenaidah Cadet College

সি/সি++ ও অবজেক্ট অরিয়েন্টেড প্রোগ্রামিং / (Record no. 12064)

MARC details
000 -LEADER
fixed length control field 01149nam a2200289 a 4500
001 - CONTROL NUMBER
JCCL Control Number 12064
003 - CONTROL NUMBER IDENTIFIER
JCCL marc code BD-JhCC
005 - DATE AND TIME OF LATEST TRANSACTION
control field 20210923134022.0
008 - FIXED-LENGTH DATA ELEMENTS--GENERAL INFORMATION
fixed length control field 210310b20002015bg a|||| ||a| 001 0 Mul d
020 ## - INTERNATIONAL STANDARD BOOK NUMBER
International Standard Book Number 9848480919
035 ## - SYSTEM CONTROL NUMBER
system control number (BD-JhCC)12064
040 ## - CATALOGING SOURCE
Original cataloging agency BD-JhCC
Modifying agency BD-JhCC
041 ## - LANGUAGE CODE
Language code of Book mul
082 ## - DEWEY DECIMAL CLASSIFICATION NUMBER
Classification number 005.133
Author mark and Year HOS 2015
100 ## - MAIN ENTRY--PERSONAL NAME
Personal name হোসেন, মোঃ মোক্তার
245 ## - TITLE STATEMENT
Title সি/সি++ ও অবজেক্ট অরিয়েন্টেড প্রোগ্রামিং /
Statement of responsibility, etc মোঃ মোক্তার হোসেন, ড.মোঃ লুৎফর রহমান
260 ## - PUBLICATION, DISTRIBUTION, ETC. (IMPRINT)
Place of publication, distribution, etc ঢাকা :
Name of publisher, distributor, etc সিসটেক পাবলিকেশন্স লিমিটেড;
Date of publication, distribution, etc ২০১৫.
300 ## - PHYSICAL DESCRIPTION
Pagination 598 p. :
Other physical details ill
Dimensions 24 cm.
650 ## - SUBJECT ADDED ENTRY--TOPICAL TERM
Topical term or geographic name as entry element Object-oriented programming (Computer science)
650 ## - SUBJECT ADDED ENTRY--TOPICAL TERM
Topical term or geographic name as entry element C++ (Computer program language)
650 ## - SUBJECT ADDED ENTRY--TOPICAL TERM
Topical term or geographic name as entry element Programming languages (Electronic computers)
650 ## - SUBJECT ADDED ENTRY--TOPICAL TERM
Topical term or geographic name as entry element Software engineering
650 ## - SUBJECT ADDED ENTRY--TOPICAL TERM
Topical term or geographic name as entry element Computer science, Computer programming
700 ## - ADDED ENTRY--PERSONAL NAME
Personal name রহমান,ড.মোঃ লুৎফর
942 ## - ADDED ENTRY ELEMENTS (KOHA)
Source of classification or shelving scheme Dewey Decimal Classification
Koha item type Books
Koha issues (borrowed), all copies 1
Holdings
Source of classification or shelving scheme Damaged status Not for loan Home library Current library Shelving location Date of accession Cost, normal purchase price Total Checkouts Full call number Barcode Date last seen Date checked out Copy number Koha item type
Dewey Decimal Classification     JCC Rouf Library JCC Rouf Library General Stacks 03/10/2021 337.00 2 005.133 HOS 2015 16409 02/18/2024 02/05/2024 C-1 Books

JCC Library | Contacts | JCC Home

Last Update on 23 September 2017
Copyright @ 2017-2020 JCC Rouf Library
Rouf Library, Jhenidah Cadet College (JCC), Bangladesh